Pandemik Kacau Perasan(PKP) : #30EMOSI UJIAN ATAU HIKMAH?

Bibliographic Details
Main Author: Sis Youjae
Format: Book
Published: Kuala Lumpur : Kadokawa Gempak Starz Sdn. Bhd. , 2021
Subjects:

MARC

LEADER 00000cam a2200000 7i4500
001 0000090109
005 20230125114946.0
008 220920
020 |a 9789672849063 
041 |a Malay 
090 0 0 |a 158.1   |b SIS 
100 0 |a Sis Youjae 
245 1 0 |a Pandemik Kacau Perasan(PKP) :   |b #30EMOSI UJIAN ATAU HIKMAH?   |c Sis Youjae 
260 |a Kuala Lumpur :   |b Kadokawa Gempak Starz Sdn. Bhd. ,   |c 2021 
300 |a 293 p. ;   |c 20.2 cm. 
541 |c Purchase on 2022   |f SA 11/21 ADAM   |h RM20.00 
650 0 |a COVID-19 Pandemic, 2020- 
650 0 |a Motivation (psychology) 
650 0 |a Personality and motivation 
650 0 |a Self-management 
730 0 |a Judul 
999 |a 0001688929   |b Book   |c Adult Collection   |e Perbadanan Perpustakaan Awam Johor